Record transfers: Manchester United FC - Statistics

General Stats
  • This quiz has been taken 562 times
    410 since last reset
  • The average score is 17 of 20
Answer Stats
Fee Season Position Left Player % Correct
105 Mio. € 16/17 Central Midfield Juventus FC Paul Pogba
99%
87 Mio. € 19/20 Centre-Back Leicester City FC Harry Maguire
98%
85 Mio. € 21/22 Left Winger Borussia Dortmund Jadon Sancho
97%
63 Mio. € 19/20 Attacking Midfield Sporting CP Bruno Fernandes
93%
40 Mio. € 21/22 Centre-Back Real Madrid CF Raphaël Varane
90%
75 Mio. € 14/15 Right Winger Real Madrid CF Ángel Di María
89%
84.7 Mio. € 17/18 Centre-Forward Everton FC Romelu Lukaku
89%
55 Mio. € 19/20 Right-Back Crystal Palace FC Aaron Wan-Bissaka
88%
37.5 Mio. € 14/15 Left-Back Southampton FC Luke Shaw
87%
46 Mio. € 02/03 Centre-Back Leeds United FC Rio Ferdinand
85%
60 Mio. € 15/16 Left Winger AS Monaco FC Anthony Martial
84%
59 Mio. € 18/19 Central Midfield FC Shakhtar Donetsk Fred
84%
39 Mio. € 20/21 Central Midfield AFC Ajax Donny van de Beek
81%
44.73 Mio. € 13/14 Attacking Midfield Chelsea FC Juan Mata
81%
44.7 Mio. € 17/18 Defensive Midfield Chelsea FC Nemanja Matić
81%
37 Mio. € 04/05 Centre-Forward Everton FC Wayne Rooney
81%
38 Mio. € 16/17 Centre-Back Villarreal CF Eric Bailly
72%
38 Mio. € 08/09 Centre-Forward Tottenham Hotspur FC Dimitar Berbatov
67%
42.6 Mio. € 01/02 Central Midfield SS Lazio Juan Sebastián Verón
65%
42 Mio. € 16/17 Attacking Midfield Borussia Dortmund Henrikh Mkhitaryan
57%
No matching quizzes found
Score Distribution
Percent of People with Each Score
Percentile by Number Answered
Your Score History
You have not taken this quiz since the last reset